Historia de la televisión chilena entre 1959 y 1973
Gorde:
| Egile Nagusiak: | , , |
|---|---|
| Formatua: | Liburua |
| Hizkuntza: | gaztelania |
| Argitaratua: |
Santiago
Documentas
1989
|
| Gaiak: | |
| Etiketak: |
Etiketa erantsi
Etiketarik gabe, Izan zaitez lehena erregistro honi etiketa jartzen!
|
MARC
| LEADER | 00000nam a2200000 a 4500 | ||
|---|---|---|---|
| 001 | UCR5446 | ||
| 003 | CL-VaPUC | ||
| 008 | 980327e19890000CL |||||||||||||||||spa|d | ||
| 082 | 0 | 4 | |a 384.55 |b HUR |2 21 |
| 100 | |a Hurtado, María de la Luz |e author |9 420815 | ||
| 700 | 0 | |a Edwards, Paula |e author |9 406384 | |
| 700 | 0 | |a Guilisasti, Rafael |e author |9 406385 | |
| 245 | 1 | 0 | |a Historia de la televisión chilena entre 1959 y 1973 |
| 300 | |a 428 p | ||
| 942 | |c BK | ||
| 945 | |d 19980327 00:00:00 |a rbrito | ||
| 260 | |a Santiago |b Documentas |c 1989 | ||
| 600 | 0 | 7 | |a TVN |2 CL-VaPUC |9 406386 |
| 600 | 0 | 7 | |a CANAL 13 |2 CL-VaPUC |9 406387 |
| 600 | 0 | 7 | |a CANAL UCV |2 CL-VaPUC |9 406388 |
| 600 | 0 | 7 | |a CANAL 9 |2 CL-VaPUC |9 406389 |
| 650 | 0 | |a Televisión |9 256845 | |
| 650 | 7 | |a HISTORIA DE LA TELEVISION |2 CL-VaPUC |9 406390 | |
| 650 | 0 | |a Medios de comunicación de masas |9 257273 | |
| 650 | 7 | |a TELEVISION ESTATAL |2 CL-VaPUC |9 406391 | |
| 650 | 7 | |a TELEVISION PRIVADA |2 CL-VaPUC |9 406392 | |
| 650 | 7 | |a TELEVISION UNIVERSITARIA |2 CL-VaPUC |9 406393 | |
| 651 | 0 | |a Santiago |9 265444 | |
| 651 | 7 | |a CHILE |2 CL-VaPUC |9 406394 | |
| 651 | 0 | |a Valparaíso, Chile |9 261144 | |
| 583 | |a last modification |c 19980327 00:00:00 |k Rodrigo Vera | ||
| 999 | |c 268044 |d 268042 | ||
| 952 | |0 0 |1 0 |4 0 |6 384_550000000000000_HUR_1989 |7 0 |8 A |9 300911 |a BIBCUR |b BIBCUR |d 2019-11-20 |i 3408531 |o 384.55 HUR 1989 |p 3408531 |r 2025-04-22 |w 2019-11-20 |y BK |k PER | ||